Geographic areas of Greece - Statistics

General Stats
  • This quiz has been taken 183 times
  • The average score is 5 of 9
Answer Stats
Area % Correct
Macedonia
87%
Crete
86%
Thrace
71%
Thessaly
58%
Epirus
53%
Ionian Islands
50%
Aegean Islands
41%
Central Greece & Euboea
38%
Peloponnese
36%
No matching quizzes found
Score Distribution
Percent of People with Each Score
Percentile by Number Answered
Your Score History
You have not taken this quiz